000 00580nam a2200229Ia 4500
003 OSt
005 20221005120253.0
006 a|||||r|||| 00| 0
007 ta
008 221004b |||||||| |||| 00| 0 eng d
024 _a59273
037 _cTextual
040 _aCRL
_cCRL
_beng
041 _2eng
_aeng
082 _aV2:25xM69:31, K0
100 _aGandhi M K
245 0 _aDiscourses on the Gita tr by Valji Govindji Desai
260 _c1960
650 _aHISTORY
942 _hV2:25xM69:31, K0
_cTEXL
_2cc
999 _c1037488
_d1037488